000 00648nam a2200205Ia 4500
003 GCL
008 140319s9999 xx 000 0 ara d
040 _aGCL /
_cGCL
082 0 4 _a811.1
_bم ر
100 1 _aمصطفى الغلايينى
245 1 0 _aرجال المعلقات العشر : كتاب ادب وتاريخ ولغة /
_cمصطفى الغلايينى
300 _a312 ص
490 _a
650 0 4 _aالادب العربى
650 0 4 _aالعصر الجاهلى
650 0 4 _aالشعراء العرب
650 0 4 _aالشعر العربى - تاريخ ونقد
650 0 4 _aالشعراء - تراجم
942 _2ddc
_cBK
999 _c45940
_d45940